| 000 | 00654 a2200241 4500 | ||
|---|---|---|---|
| 001 | 116603 | ||
| 020 | _a9780241372739 | ||
| 020 | _q(paperback) | ||
| 041 | _aeng | ||
| 082 | _a921 | ||
| 300 | _a113 p. | ||
| 490 | _aExtraordinary lives | ||
| 697 | _aBiography | ||
| 856 | _u000006/0000061b.jpg | ||
| 040 |
_aDLC _beng _cDLC _dBR-BrIDEA _erda |
||
| 090 |
_aYear 4 921 _bKAN |
||
| 100 |
_aKanani, Sheila _eauthor |
||
| 245 | 1 | 0 |
_aThe extraordinary life of Michelle Obama _cSheila Kanani, Nan Lawson |
| 260 |
_bPuffin _c2020 |
||
| 521 |
_aAges 7-11 _bKane Miller, A Division of EDC Publishing |
||
| 700 |
_aLawson, Nan _eillustrator |
||
| 942 | _cBK | ||
| 999 |
_c116603 _d116603 |
||